Anything but Turkey Quiz Stats

 Plays Quiz Updated Jan 3, 2015

Challenge
Share
Tweet
Embed
Score 0/33 Timer 06:00
7 Plays Today
Hint Answer % Correct
Border IraqIran
97.7%
Begin with 'Tu'Turkmenistan
90.1%
Have a 'Star and crescent' flag (Asia only)Turkmenistan
90.1%
Have a Black Sea CoastRussia
87.9%
Border IraqSyria
86.6%
Border IraqSaudi Arabia
83.4%
Begin with 'Tu'Tuvalu
81.3%
Border IraqJordan
80.5%
Have a Black Sea CoastUkraine
79.3%
Border IraqKuwait
79.1%
Have a Black Sea CoastGeorgia
75.5%
Have a 'Star and crescent' flag (Asia only)Pakistan
73.1%
Begin with 'Tu'Tunisia
71.8%
Have a Black Sea CoastRomania
71.2%
Have a Black Sea CoastBulgaria
71.1%
End in 'Y'Germany
66.7%
End in 'Y'Italy
65.6%
Hint Answer % Correct
End in 'Y'Paraguay
65.2%
Have a capital starting and ending in 'A'Kazakhstan (Astana)
65.2%
End in 'Y'Uruguay
64.3%
Have a 'Star and crescent' flag (Asia only)Azerbaijan
63.1%
End in 'Y'Hungary
61.4%
Have a 'Star and crescent' flag (Asia only)Uzbekistan
56.8%
End in 'Y'Norway
55.9%
Have a capital starting and ending in 'A'Andorra (Andorra la Vella)
43.2%
End in 'Y'Vatican City
38.7%
Have a 'Star and crescent' flag (Asia only)Malaysia
37.1%
Have a capital starting and ending in 'A'Ethiopia (Addis Ababa)
34.1%
Have a capital starting and ending in 'A'Ghana (Accra)
28.2%
Have a 'Star and crescent' flag (Asia only)Singapore
28%
Have a capital starting and ending in 'A'Nigeria (Abuja)
27.8%
Have a capital starting and ending in 'A'Eritrea (Asmara)
25.5%
Have a capital starting and ending in 'A'Samoa (Apia)
23.2%

You're not logged in!

Compare scores with friends on all Sporcle quizzes.
Join for Free
OR
Log In

You Might Also Like...

Show Comments

Extras

Top Quizzes Today


Score Distribution

Your Account Isn't Verified!

In order to create a playlist on Sporcle, you need to verify the email address you used during registration. Go to your Sporcle Settings to finish the process.

Report this User

Report this user for behavior that violates our Community Guidelines.

Details: